Decydowanie w zarzadzaniu problemy, metody, techniki

Saved in:
Bibliographic Details
Main Author: Supernat, Jerzy
Format: Book
Language:Polish
Published: Wroclaw Kolonia Limited 1997
Subjects:
Tags: Add Tag
No Tags, Be the first to tag this record!

MARC

LEADER 00000nam a2200000 4500
001 c117439
005 20221221081946.7
020 |a 83903958-6-X 
041 0 |a pol 
044 |a PL 
245 1 0 |a Decydowanie w zarzadzaniu  |b problemy, metody, techniki  |c Jerzy Supernat 
264 1 |a Wroclaw  |b Kolonia Limited  |c 1997 
300 |a 144 s. 
610 2 0 |a organizácia 
610 2 0 |a riadenie 
610 2 0 |a rozhodovanie 
610 2 0 |a metódy rozhodovania 
610 2 0 |a modely rozhodovania 
610 2 0 |a kritériá rozhodovania 
100 1 |a Supernat, Jerzy